<?xml version="1.0" encoding="UTF-8"?>
<record
    xmlns:xsi="http://www.w3.org/2001/XMLSchema-instance"
    xsi:schemaLocation="http://www.loc.gov/MARC21/slim http://www.loc.gov/standards/marcxml/schema/MARC21slim.xsd"
    xmlns="http://www.loc.gov/MARC21/slim">

  <leader>00906cam a2200301 ib4500</leader>
  <controlfield tag="001">b23468002 </controlfield>
  <controlfield tag="003">YEEZEN</controlfield>
  <controlfield tag="005">20260311133855.0</controlfield>
  <controlfield tag="008">251119s2025    ch ak  g      000 0 chi d</controlfield>
  <datafield tag="020" ind1=" " ind2=" ">
    <subfield code="a">9786267591185</subfield>
    <subfield code="q">(&#x5E73;&#x88DD;) :</subfield>
    <subfield code="c">NT$400</subfield>
  </datafield>
  <datafield tag="040" ind1=" " ind2=" ">
    <subfield code="a">PCCU</subfield>
    <subfield code="b">chi</subfield>
    <subfield code="c">PCCU</subfield>
  </datafield>
  <datafield tag="042" ind1=" " ind2=" ">
    <subfield code="a">nbic</subfield>
  </datafield>
  <datafield tag="090" ind1=" " ind2=" ">
    <subfield code="a">176.76</subfield>
    <subfield code="b">2746</subfield>
  </datafield>
  <datafield tag="100" ind1="0" ind2=" ">
    <subfield code="a">&#x4F0A;&#x838E;&#x8C9D;</subfield>
  </datafield>
  <datafield tag="245" ind1="1" ind2="0">
    <subfield code="a">&#x75B2;&#x52DE;&#x4E16;&#x4EE3; :</subfield>
    <subfield code="b">&#x627E;&#x56DE;&#x8EAB;&#x5FC3;&#x80FD;&#x91CF;&#x7684;&#x95DC;&#x9375;8&#x5802;&#x8AB2; /</subfield>
    <subfield code="c">&#x4F0A;&#x838E;&#x8C9D;&#x8457;</subfield>
  </datafield>
  <datafield tag="246" ind1="1" ind2="0">
    <subfield code="a">&#x627E;&#x56DE;&#x8EAB;&#x5FC3;&#x80FD;&#x91CF;&#x7684;&#x95DC;&#x9375;8&#x5802;&#x8AB2;</subfield>
  </datafield>
  <datafield tag="246" ind1="1" ind2="3">
    <subfield code="a">&#x627E;&#x56DE;&#x8EAB;&#x5FC3;&#x80FD;&#x91CF;&#x7684;&#x95DC;&#x9375;&#x516B;&#x5802;&#x8AB2;</subfield>
  </datafield>
  <datafield tag="260" ind1=" " ind2=" ">
    <subfield code="a">&#x65B0;&#x5317;&#x5E02; :</subfield>
    <subfield code="b">&#x597D;&#x4EBA;&#x51FA;&#x7248; :</subfield>
    <subfield code="b">&#x9060;&#x8DB3;&#x6587;&#x5316;&#x767C;&#x884C;,</subfield>
    <subfield code="c">2025.03</subfield>
  </datafield>
  <datafield tag="300" ind1=" " ind2=" ">
    <subfield code="a">302&#x9762; :</subfield>
    <subfield code="b">&#x5716;, &#x8868; ;</subfield>
    <subfield code="c">21&#x516C;&#x5206;</subfield>
  </datafield>
  <datafield tag="490" ind1="1" ind2=" ">
    <subfield code="a">i&#x751F;&#x6D3B; ;</subfield>
    <subfield code="v">46.</subfield>
  </datafield>
  <datafield tag="500" ind1=" " ind2=" ">
    <subfield code="a">&#x7248;&#x6B0A;&#x9801;&#x8AA4;&#x984C;&#x4F5C;&#x8005;&#x4F0A;&#x6C99;&#x8C9D;</subfield>
  </datafield>
  <datafield tag="650" ind1=" " ind2="7">
    <subfield code="a">&#x75B2;&#x52DE;</subfield>
    <subfield code="2">lcstt.</subfield>
  </datafield>
  <datafield tag="650" ind1=" " ind2="7">
    <subfield code="a">&#x751F;&#x6D3B;&#x6307;&#x5C0E;</subfield>
    <subfield code="2">lcstt.</subfield>
  </datafield>
  <datafield tag="650" ind1=" " ind2="7">
    <subfield code="a">&#x5065;&#x5EB7;&#x6CD5;</subfield>
    <subfield code="2">lcstt.</subfield>
  </datafield>
  <datafield tag="700" ind1="0" ind2=" ">
    <subfield code="a">&#x4F0A;&#x6C99;&#x8C9D;</subfield>
  </datafield>
  <datafield tag="830" ind1=" " ind2="0">
    <subfield code="a">i&#x751F;&#x6D3B; ;</subfield>
    <subfield code="v">46.</subfield>
  </datafield>
  <datafield tag="942" ind1=" " ind2=" ">
    <subfield code="2">ccl</subfield>
    <subfield code="c">BOOK</subfield>
  </datafield>
  <datafield tag="999" ind1=" " ind2=" ">
    <subfield code="c">7699</subfield>
    <subfield code="d">7699</subfield>
  </datafield>
  <datafield tag="952" ind1=" " ind2=" ">
    <subfield code="0">0</subfield>
    <subfield code="1">0</subfield>
    <subfield code="2">ccl</subfield>
    <subfield code="4">0</subfield>
    <subfield code="7">0</subfield>
    <subfield code="a">yeezen</subfield>
    <subfield code="b">yeezen</subfield>
    <subfield code="c">YEEZEN</subfield>
    <subfield code="d">2026-03-11</subfield>
    <subfield code="l">1</subfield>
    <subfield code="m">1</subfield>
    <subfield code="o">176.76</subfield>
    <subfield code="p">C03282</subfield>
    <subfield code="q">2026-04-28</subfield>
    <subfield code="r">2026-03-31 00:00:00</subfield>
    <subfield code="s">2026-03-31</subfield>
    <subfield code="w">2026-03-11</subfield>
    <subfield code="y">BOOK</subfield>
    <subfield code="z">&#x75B2;&#x52DE;&#x4E16;&#x4EE3;&#x7684;&#x7279;&#x5FB5; &#x2022;&#x9577;&#x6642;&#x9593;&#x5DE5;&#x4F5C;&#x8207;&#x58D3;&#x529B; &#x2022;&#x6578;&#x4F4D;&#x904E;&#x8F09; &#x2022;&#x751F;&#x6D3B;&#x7BC0;&#x594F;&#x52A0;&#x5FEB; &#x2022;&#x7761;&#x7720;&#x4E0D;&#x8DB3;&#x8207;&#x5065;&#x5EB7;&#x554F;&#x984C;  &#x300C;&#x96D6;&#x7136;&#x4EC0;&#x9EBC;&#x90FD;&#x6C92;&#x505A;&#xFF0C;&#x4F46;&#x600E;&#x9EBC;&#x611F;&#x89BA;&#x9019;&#x9EBC;&#x7D2F;&#x5462;&#xFF1F;&#x300D; &#x300C;&#x665A;&#x4E0A;&#x7761;&#x4E0D;&#x8457;&#xFF0C;&#x65E9;&#x4E0A;&#x8D77;&#x4E0D;&#x4F86;&#x3002;&#x300D; &#x300C;&#x4ECA;&#x5929;&#x958B;&#x6703;&#x7684;&#x6642;&#x5019;&#xFF0C;&#x6211;&#x5C45;&#x7136;&#x6253;&#x778C;&#x7761;&#x3002;&#x300D; &#x300C;&#x5176;&#x5BE6;&#x6211;&#x6BCF;&#x5929;&#x90FD;&#x5F88;&#x81EA;&#x8CAC;&#xFF0C;&#x4F46;&#x5C31;&#x662F;&#x6C92;&#x6709;&#x8FA6;&#x6CD5;&#x4ED8;&#x8AF8;&#x884C;&#x52D5;&#x3002;&#x300D; &#x8A31;&#x591A;&#x4EBA;&#x628A;&#x6642;&#x9593;&#x548C;&#x7CBE;&#x529B;&#x90FD;&#x82B1;&#x5728;&#x4E86;&#x5167;&#x8017;&#x4E0A;&#xFF0C;&#x53CD;&#x8986;&#x7CFE;&#x7D50;&#x3001;&#x61CA;&#x60F1;&#x3001;&#x5F8C;&#x6094;&#x2026;&#x2026;  &#x75B2;&#x52DE;&#x4E16;&#x4EE3;&#x6700;&#x5927;&#x7684;&#x7591;&#x60D1;&#x662F;&#xFF1A;&#x300C;&#x660E;&#x660E;&#x4EC0;&#x9EBC;&#x90FD;&#x6C92;&#x505A;&#xFF0C;&#x537B;&#x9084;&#x662F;&#x9019;&#x9EBC;&#x7D2F;&#xFF1F;&#x300D; &#x9019;&#x80CC;&#x5F8C;&#x96B1;&#x85CF;&#x8457;&#x5E7E;&#x500B;&#x6838;&#x5FC3;&#x554F;&#x984C;&#xFF1A; &#x660E;&#x660E;&#x4F11;&#x606F;&#x4E86;&#xFF0C;&#x70BA;&#x4EC0;&#x9EBC;&#x9084;&#x662F;&#x611F;&#x89BA;&#x4E0D;&#x5230;&#x7CBE;&#x529B;&#x6062;&#x5FA9;&#xFF1F; &#x751F;&#x6D3B;&#x770B;&#x4F3C;&#x7A69;&#x5B9A;&#xFF0C;&#x70BA;&#x4EC0;&#x9EBC;&#x5167;&#x5FC3;&#x7E3D;&#x662F;&#x611F;&#x5230;&#x7A7A;&#x865B;&#x548C;&#x5026;&#x6020;&#xFF1F; &#x73FE;&#x4EE3;&#x7684;&#x5DE5;&#x4F5C;&#x8207;&#x751F;&#x6D3B;&#x65B9;&#x5F0F;&#xFF0C;&#x662F;&#x5426;&#x5728;&#x7121;&#x5F62;&#x4E2D;&#x69A8;&#x4E7E;&#x6211;&#x7684;&#x80FD;&#x91CF;&#xFF1F; &#x771F;&#x6B63;&#x7684;&#x4F11;&#x606F;&#x8207;&#x5FEB;&#x6A02;&#x5230;&#x5E95;&#x61C9;&#x8A72;&#x662F;&#x4EC0;&#x9EBC;&#x6A23;&#x5B50;&#xFF1F;</subfield>
  </datafield>
</record>
